Départements français et capitales #4 - Statistiques

Statistiques générales
  • Ce quiz a été pris 148 fois
  • Le résultat moyen est 12 sur 14
Statistiques - réponses
% Correct
Nord Lille
97%
Lyon Rhône
97%
Quimper Finistère
96%
Fort-de-France Martinique
96%
Foix Ariège
91%
Saint-Denis La Réunion
90%
Auxerre Yonne
90%
Guyane Cayenne
88%
Corrèze Tulle
85%
Angers Maine-et-Loire
84%
Deux-Sèvres Niort
82%
Guadeloupe Basse-Terre
76%
Mayotte Mamoudzou (ou Dzaoudzi)
67%
Jura Lons-le-Saunier
65%
Aucun quiz correspondant
Distribution des résultats
% des personnes avec chaque résultat
Percentile par nombre de réponses
Votre historique - résultats
Vous n’avez pas pris ce quiz